The ironies of freedom (Record no. 20872)
[ view plain ]
| 000 -LEADER | |
|---|---|
| fixed length control field | 02595nam a2200409 a 4500 |
| 082 04 - DEWEY DECIMAL CLASSIFICATION NUMBER | |
| Classification number | 306.7409597 |
| 100 1# - MAIN ENTRY--AUTHOR NAME | |
| Personal name | Nguyen-Vo, Thu-Huong, |
| 245 14 - TITLE STATEMENT | |
| Title | The ironies of freedom |
| 260 ## - PUBLICATION, DISTRIBUTION, ETC. (IMPRINT) | |
| Place of publication | Seattle : |
| Name of publisher | University of Washington Press, |
| Year of publication | c2008. |
| 300 ## - PHYSICAL DESCRIPTION | |
| Number of Pages | xxviii, 336 p. : |
| Other physical details | ill. |
| 490 1# - SERIES STATEMENT | |
| Series statement | Critical dialogues in Southeast Asian studies |
| 505 0# - FORMATTED CONTENTS NOTE | |
| Formatted contents note | Sex for sale: entrepreneurial and consumerist freedom -- The hooking economy: entrepreneurial choice and commercial sex in the liberalizing economy -- Hierarchy and geography: class and national identity in sex consumption -- The real and the true: governing by choice and coercion -- The rise of the empirical and the case of medical expertise: a genealogy of governance -- Governing passion: consumers' choice and the production of a differentiated citizenry in public medicine -- Who you truly are: coercion, culture, and the global imaginary in the governmental rehabilitation of sex workers -- What kind of power? specialization of intervention and coexisting modes of governance -- To the real: ideology and cultural production -- From Antigone to the kneeling woman: a genealogy of the real from socialism to the preparation for marketization -- Love in the time of neoliberalism: ideology and the new social realism in popular culture. |
| 650 #0 - SUBJECT ADDED ENTRY--TOPICAL TERM | |
| Topical Term | Prostitution |
| Topical Term | Prostitution |
| 856 40 - ELECTRONIC LOCATION AND ACCESS | |
| Uniform Resource Identifier | http://site.ebrary.com/lib/rucke/Doc?id=10276716 |
No items available.
